La figura del agente de autoridad y su relación con la policía judicial (Registro nro. 171524)

Detalles MARC
000 -LEADER
fixed length control field 02597nam a22002777a 4500
007 - PHYSICAL DESCRIPTION FIXED FIELD--GENERAL INFORMATION
fixed length control field cr|||| ||||
008 - FIXED-LENGTH DATA ELEMENTS--GENERAL INFORMATION
fixed length control field 220504s2020 es |||||s|||| 00||0 spa d
020 ## - INTERNATIONAL STANDARD BOOK NUMBER
International Standard Book Number 978-84-122700-3-7
035 ## -
-- 35596
040 ## - CATALOGING SOURCE
Original cataloging agency vLex
090 ## -
-- 13288
-- 13288
100 1# - MAIN ENTRY--PERSONAL NAME
Personal name Muñoz García, Sergio David
245 12 - TITLE STATEMENT
Title La figura del agente de autoridad y su relación con la policía judicial
Medium [Recurso electrónico] /
Statement of responsibility, etc Sergio David Muñoz García, Patricia Medina Pérez
256 ## -
-- Servicio en línea
260 ## - PUBLICATION, DISTRIBUTION, ETC. (IMPRINT)
Place of publication, distribution, etc Barcelona:
Name of publisher, distributor, etc J.M. Bosch Editor,
Date of publication, distribution, etc 2020
300 ## - PHYSICAL DESCRIPTION
Extent 1 recurso electrónico
500 ## - GENERAL NOTE
General note El concepto de agente de autoridad y el de policía judicial no están claramente definidos en el ordenamiento jurídico español. Esto genera confusión en el ámbito de sus actuaciones, lo que puede redundar en un peor servicio para el ciudadano y en algunos casos alterar el equilibrio entre seguridad y libertad. Hemos investigado dentro de nuestro marco jurídico los elementos que definen a un agente de la autoridad y aquellos que caracterizan a la policía judicial, estableciendo sus puntos comunes y sus diferentes competencias. Para ello, se ha llevado a cabo una revisión de la normativa legal que, partiendo de la Constitución Española, se ha desarrollado sobre la materia, para analizar después, desde un punto de vista crítico, las dificultades de su aplicación y puesta en práctica. Las conclusiones del trabajo son que no existe una definición concreta en nuestra legislación de agente de la autoridad, que la normativa española ha ido extendiendo el concepto de agente de autoridad a otros colectivos ajenos a los cuerpos y fuerzas de seguridad del Estado en función de las necesidades sociales, que sí existe un adecuado soporte legal para la presunción de veracidad tanto de los agentes de la autoridad como de la policía judicial en el ámbito de la jurisdicción administrativa y que, en cambio, en la jurisdicción penal es la policía judicial la que tiene mayores atribuciones.
506 1# - RESTRICTIONS ON ACCESS NOTE
Terms governing access Disponible solo en los productos indicados
Authorized users vLex Global
-- vLex Global (Academic Edition, excluding Law Schools)
-- vLex Global (U.S. Academic Edition, Law Schools)
-- vLex Global (U.S. Academic Edition, excluding Law Schools)
-- vLex Global (Academic Edition, Law Schools)
650 04 - SUBJECT ADDED ENTRY--TOPICAL TERM
Topical term or geographic name as entry element Derecho Público y Administrativo
Geographic subdivision España
650 04 - SUBJECT ADDED ENTRY--TOPICAL TERM
Topical term or geographic name as entry element Derecho Constitucional
Geographic subdivision España
700 1# - ADDED ENTRY--PERSONAL NAME
Personal name Medina Pérez, Patricia
740 0# -
-- vLex Libros (Servicio en línea)
856 40 - LOCALIZACIÓN Y ACCESO ELECTRÓNICO
Identificador Uniforme del Recurso (URI/URL) https://app.vlex.com/#/sources/35596
942 ## -
-- RAA
999 ## -
-- 171524
-- 171524

No hay ítems disponibles.


CONTACTO


NOSOTROS


SITIOS DE INTERES

coordinacion.biblioteca.biblioteca@unienlinea.mx Misión, Visión y Objetivos Bases de datos
Directorio Bibliotecas Digitales y Repositorios
Normatividad Revistas y artículos
Convenios interbibliotecarios
Boletines



Hecho en México. Universidad Insurgentes (UIN). Todos los derechos reservados 2024. Esta página y sus contenidos pueden ser reproducidos con fines no lucrativos, siempre y cuando no se mutile, se cite la fuente completa y su dirección electrónicas. De otra forma requiere permiso previo por escrito de la institución




2024 Copyright Universidad Insurgentes | www.bibliouin.com.mx